Spinoza et son cercle (Record no. 101613)

MARC details
000 -LEADER
campo de control de longitud fija 00689nam a2200205 i 4500
001 - NÚMERO DE CONTROL
campo de control 101613
003 - IDENTIFICADOR DE NÚMERO DE CONTROL
campo de control ES-MaACL
005 - FECHA Y HORA DE LA ÚLTIMA TRANSACCIÓN
campo de control 20230906182937.0
007 - CAMPO FIJO DE DESCRIPCIÓN FÍSICA--INFORMACIÓN GENERAL
campo de control de longitud fija t|
008 - DATOS DE LONGITUD FIJA--INFORMACIÓN GENERAL
campo de control de longitud fija 051021s1983 fr ||||1| fre d
020 ## - NÚMERO INTERNACIONAL ESTÁNDAR DEL LIBRO
Número Internacional Estándar del Libro 2-7116-8246-3
100 1# - ENTRADA PRINCIPAL--NOMBRE DE PERSONA
Nombre de persona Meinsma, Koenraad Oege.
9 (RLIN) 79849
245 10 - MENCIÓN DEL TÍTULO
Título Spinoza et son cercle
Resto del título : étude critique historique sur les hétérodoxes hollandais /
Mención de responsabilidad, etc. K. O. Meinsma; traduit par S. Roosemburg et J. P. Osier.
260 ## - PUBLICACIÓN, DISTRIBUCIÓN, ETC.
Lugar de publicación, distribución, etc. Paris :
Nombre del editor, distribuidor, etc. J. Vrin,
Fecha de publicación, distribución, etc. 1983.
300 ## - DESCRIPCIÓN FÍSICA
Extensión 5 h., 576 p., 3 h. ;
Dimensiones 25 cm.
504 ## - NOTA DE BIBLIOGRAFÍA, ETC.
Nota de bibliografía, etc. Bibliografía. Indices.
700 1# - ENTRADA AGREGADA--NOMBRE PERSONAL
Nombre de persona Osier, Jean Pierre.
9 (RLIN) 87751
700 1# - ENTRADA AGREGADA--NOMBRE PERSONAL
Nombre de persona Roosemburg, S.
9 (RLIN) 99527
852 ## - LOCALIZACIÓN
Ubicación ES-MaACL
Número de control de estantería L-11855
Sublocalización o colección R.113829
Holdings
Estatus retirado Estado de pérdida Estado de daño No para préstamo Biblioteca de origen Biblioteca actual Ubicación en estantería Fecha de adquisición Fuente de adquisición Total de préstamos Signatura topográfica completa Código de barras Visto por última vez Precio de reemplazo Tipo de ítem Koha
        Biblioteca del Ateneo de Madrid Biblioteca del Ateneo de Madrid Depósito 2 17/01/2008     L-11855 1106085 23/02/2023 23/02/2023 Libro impreso